000 00751nai a2200193Ia 4500
003 IN-BaIIA
008 211028c9999 xx s 000 0 eng d
022 _a0276-1173 (Print)
022 _a2331-1614 (Online)
040 _cIIA Library
245 0 _aTransactions of the IRE Professional Group on Microwave Theory and Techniques
_h[eJournal]
260 _aNew York, USA
_bThe Institute of Electrical and Electronics Engineers, Inc. (IEEE)
310 _aAnnually
362 _a1(1); 1953 - 3(1); 1955
521 _bSubscribed through National Knowledge Resource Consortium (NKRC)
650 _aFields, Waves and Electromagnetics
856 _uhttps://ieeexplore.ieee.org/servlet/opac?punumber=4547925
_yClick Here to Access eJournal
942 _cEJ
999 _c35831
_d35831